| 000 | 00662nam a2200193 a 4500 | ||
|---|---|---|---|
| 001 | BRCA_1911 | ||
| 005 | 20190320203610.0 | ||
| 008 | 050608s1994----mx-a---###---#000-0#spa-# | ||
| 020 | _a9686795049 | ||
| 050 | 4 |
_aNA759.G6 _b.F47 1994 |
|
| 100 | 1 |
_aFernández, Martha _95893 |
|
| 245 | 1 | 0 |
_aArquitectura y creación _bJuan Gómez de Trasmonte en la Nueva España _cMartha Fernández. |
| 260 |
_aMéxico _bTextos dispersos _c1994 |
||
| 300 |
_a75 p. _bil., mapas, fotografías _c21 cm. |
||
| 504 | _aBibliografía : p. 73-75 | ||
| 600 | 1 | 4 |
_aGómez de Trasmonte, Juan _vBiografías _95894 |
| 650 | 1 | 4 |
_aArquitectura colonial _ySiglo XVII _zMéxico _95895 |
| 942 |
_2lcc _cB |
||
| 999 |
_c1683 _d1683 |
||